000 00508nam a2200181Ia 4500
008 240925s9999 xx 000 0 und d
020 _a28018360
082 _a004.16 GIL
100 _aGilmore, Charles M.
245 0 _aMicroprocessors: principles and applications
250 _a2nd
260 _aNew York:
_bMcGraw-Hill
_c,1995.
300 _axxii,711p.
_bNA
_fOriginal
500 _aIncludes Index
600 _aComputer Science
650 _aComputer science, information & general works
942 _cBK
999 _c7433
_d7433